Pilot plant studies on beneficiation and sintering of kiriburu iron ore for national mineral development corporation ltd. (Record no. 23327)
[ view plain ]
| 000 -LEADER | |
|---|---|
| fixed length control field | 00601nam a22001697a 4500 |
| 008 - FIXED-LENGTH DATA ELEMENTS--GENERAL INFORMATION | |
| fixed length control field | 230425b |||||||| |||| 00| 0 eng d |
| 040 ## - CATALOGING SOURCE | |
| Original cataloging agency | National Science Library |
| Transcribing agency | National Science Library |
| 080 ## - UNIVERSAL DECIMAL CLASSIFICATION NUMBER | |
| Universal Decimal Classification number | 669.1:622.78 |
| Item number | K2 |
| 100 ## - MAIN ENTRY--PERSONAL NAME | |
| Personal name | Dasgupta, S B |
| 9 (RLIN) | 7441 |
| 245 ## - TITLE STATEMENT | |
| Title | Pilot plant studies on beneficiation and sintering of kiriburu iron ore for national mineral development corporation ltd. |
| 260 ## - PUBLICATION, DISTRIBUTION, ETC. | |
| Place of publication, distribution, etc. | Jamshedpur: |
| Name of publisher, distributor, etc. | National Metallurgical Laboratory, |
| Date of publication, distribution, etc. | 1962 |
| 650 ## - SUBJECT ADDED ENTRY--TOPICAL TERM | |
| Topical term or geographic name entry element | Chemical technology |
| 653 ## - INDEX TERM--UNCONTROLLED | |
| Uncontrolled term | Washing |
| 700 ## - ADDED ENTRY--PERSONAL NAME | |
| Personal name | Sinha, P K |
| 700 ## - ADDED ENTRY--PERSONAL NAME | |
| Personal name | Banerjee, S K |
| 942 ## - ADDED ENTRY ELEMENTS (KOHA) | |
| Source of classification or shelving scheme | Universal Decimal Classification |
| Koha item type | Reference |
| Withdrawn status | Lost status | Damaged status | Not for loan | Collection | Home library | Current library | Shelving location | Date acquired | Total Checkouts | Full call number | Barcode | Date last seen | Price effective from | Koha item type |
|---|---|---|---|---|---|---|---|---|---|---|---|---|---|---|
| Reference | National Science Library | National Science Library | GF/Rk-21/C-3/R-4 | 21/07/2004 | 669.1:622.78 K2 | 190382 | 25/04/2023 | 21/07/2004 | Reference |